000 00272nam a22001217a 4500
008 170628b xxu||||| |||| 00| 0 eng d
041 _aeng
080 _a82
100 _a21
101 _aGJL
245 _aTHE LAND AND LITERATURE OF ENGLAND
_cADAMS,R.M
942 _2udc
_cBK
999 _c19318
_d19318